Southville International School and Colleges
Your cart is empty.
  • Cart
  • Lists
    Public lists list_1 View all
    Your lists Log in to create your own lists
  • Log in to your account
  • Your cookies
  • Search history
Southville International School and Colleges
  • Advanced search
  • Recent comments
  • Most popular
  • Libraries

Log in to your account

Log in with GOOGLE


If you do not have an external account, but do have a local account, you can still log in:

  1. Home
  2. MARC view: Froggy day
Normal view MARC view ISBD view

Froggy day (Record no. 365952)

[ view plain ]
MARC details
000 -LEADER
fixed length control field 00548nam a22001937a 4500
003 - CONTROL NUMBER IDENTIFIER
control field 0
005 - DATE AND TIME OF LATEST TRANSACTION
control field 20240422103718.0
008 - FIXED-LENGTH DATA ELEMENTS--GENERAL INFORMATION
fixed length control field 240422b xxu||||| |||| 00| 0 eng d
020 ## - INTERNATIONAL STANDARD BOOK NUMBER
International Standard Book Number 9781848863217
050 ## - LIBRARY OF CONGRESS CALL NUMBER
Classification number ER
Item number Fro927 2018
082 ## - DEWEY DECIMAL CLASSIFICATION NUMBER
Classification number ER
Item number Fro927 2018
100 ## - MAIN ENTRY--PERSONAL NAME
Personal name Pindar, Heather
245 ## - TITLE STATEMENT
Title Froggy day
Statement of responsibility, etc Heather Pindar
260 ## - PUBLICATION, DISTRIBUTION, ETC. (IMPRINT)
Place of publication, distribution, etc West Sussex
Name of publisher, distributor, etc Maverick Arts Publications, Ltd.
Date of publication, distribution, etc 2018
300 ## - PHYSICAL DESCRIPTION
Extent unpaged :
Other physical details colored illustrations ;
Dimensions 27cm.
650 ## - SUBJECT ADDED ENTRY--TOPICAL TERM
Topical term or geographic name as entry element Frog--Picture Books.
650 ## - SUBJECT ADDED ENTRY--TOPICAL TERM
Topical term or geographic name as entry element Children's Book.
942 ## - ADDED ENTRY ELEMENTS (KOHA)
Source of classification or shelving scheme Dewey Decimal Classification
Koha item type Books
Holdings
Withdrawn status Lost status Source of classification or shelving scheme Damaged status Home library Current library Shelving location Date acquired Source of acquisition Total Checkouts Full call number Barcode Date last seen Price effective from Koha item type
    Dewey Decimal Classification   Munich Library Munich Library Easy Reading Section 04/22/2024 Library Fund   ER Fro927 2018 M8672 04/22/2024 04/22/2024 Books

Froggy day

APA

Pindar H., . (2018). Froggy day. West Sussex: Maverick Arts Publications, Ltd.

Chicago

Pindar Heather, . 2018. Froggy day. West Sussex: Maverick Arts Publications, Ltd.

Harvard

Pindar H., . (2018). Froggy day. West Sussex: Maverick Arts Publications, Ltd.

MLA

Pindar Heather, . Froggy day. West Sussex: Maverick Arts Publications, Ltd. 2018.

  • Place hold
  • Print
  • Cite
  • Add to your cart (remove)
  • Save record
    BIBTEX Dublin Core MARCXML MARC (non-Unicode/MARC-8) MARC (Unicode/UTF-8) MARC (Unicode/UTF-8, Standard) MODS (XML) RIS
  • More searches
    Search for this title in:
    Other Libraries (WorldCat) Other Databases (Google Scholar) Online Stores (Bookfinder.com) Open Library (openlibrary.org)

Exporting to Dublin Core...

SOUTHVILLE LIBRARY

Southville International School and Colleges Library

1281 Tropical Ave. Cor. Luxembourg St., BF Homes International, Las Pinas City

Tel. No. 8256374 / 252358 Loc. 117/146

Powered by Koha